<?xml version="1.0" encoding="UTF-8"?>
<marc:record xmlns:marc="http://www.loc.gov/MARC21/slim">
   <marc:leader>00000nam a2200000 a 4500</marc:leader>
   <marc:datafield ind1="1" ind2=" " tag="100">
      <marc:subfield code="a">Schoberl, Beate &amp;. Lena</marc:subfield>
      <marc:subfield code="4">aut</marc:subfield>
      <marc:subfield code="e">Verfasser/-in</marc:subfield>
   </marc:datafield>
   <marc:datafield ind1=" " ind2=" " tag="653">
      <marc:subfield code="a">Kochen</marc:subfield>
   </marc:datafield>
   <marc:datafield ind1=" " ind2=" " tag="653">
      <marc:subfield code="a">Kinder</marc:subfield>
   </marc:datafield>
   <marc:datafield ind1=" " ind2=" " tag="653">
      <marc:subfield code="a">Kind</marc:subfield>
   </marc:datafield>
   <marc:datafield ind1=" " ind2=" " tag="653">
      <marc:subfield code="a">Mama</marc:subfield>
   </marc:datafield>
   <marc:datafield ind1=" " ind2=" " tag="653">
      <marc:subfield code="a">Lieblingsgerichte</marc:subfield>
   </marc:datafield>
   <marc:datafield ind1=" " ind2=" " tag="653">
      <marc:subfield code="a">gemeinsam Kochen</marc:subfield>
   </marc:datafield>
   <marc:datafield ind1=" " ind2=" " tag="653">
      <marc:subfield code="a">Mama kocht mit Kind</marc:subfield>
   </marc:datafield>
   <marc:datafield ind1=" " ind2=" " tag="653">
      <marc:subfield code="a">Softcover / Ratgeber/Essen</marc:subfield>
   </marc:datafield>
   <marc:datafield ind1=" " ind2=" " tag="653">
      <marc:subfield code="a">Trinken</marc:subfield>
   </marc:datafield>
   <marc:datafield ind1="0" ind2="0" tag="245">
      <marc:subfield code="a">Mama, lass uns kochen</marc:subfield>
   </marc:datafield>
   <marc:datafield ind1="0" ind2="0" tag="245">
      <marc:subfield code="b">Lieblingsgerichte gemeinsam zubereitet</marc:subfield>
   </marc:datafield>
   <marc:datafield ind1="0" ind2="0" tag="245">
      <marc:subfield code="c">Beate &amp; Lena Schoberl</marc:subfield>
   </marc:datafield>
   <marc:datafield ind1=" " ind2="1" tag="264">
      <marc:subfield code="a">Großebersdorf</marc:subfield>
      <marc:subfield code="b">myMorawa</marc:subfield>
      <marc:subfield code="c">2020</marc:subfield>
   </marc:datafield>
   <marc:datafield ind1=" " ind2=" " tag="250">
      <marc:subfield code="a">1. Auflage</marc:subfield>
   </marc:datafield>
   <marc:datafield ind1="1" ind2=" " tag="520">
      <marc:subfield code="a">Angaben aus der Verlagsmeldung

Mama, lass uns kochen : Lieblingsgerichte gemeinsam zubereitet / von Beate &amp; Lena Schoberl

„Mama, lass und kochen“ ist kein klassisches Kochbuch.

Es soll ganz nach dem Motto „Family Time ist Quality Time“ das vielleicht teils Mühsame mit dem Angenehmen verbinden - so entdeckt ihr mit euren Kindern vielleicht Gemeinsamkeiten und den Spaß an der Sache, die uns am Leben hält.

Es ist kinderleicht, eure Kleinen zu motivieren ihr Essen mit Genuss zu verspeisen, weil sie bei der Zubereitung selbst aktiv waren und einen wesentlichen Beitrag dazu geleistet haben - die Klinge ist halt nicht allzu scharf, das Auge der Mama dafür umso geschärfter!

Ziel war es, ein kreatives Kochbuch für die traditionelle, regionale und auch moderne Küche zu geben, wo einfach jeder mit kann!

„Mama, lass uns kochen“ ist die Idee gemeinsam Spaß am Kochen zu haben und der Gedanke, unsere Kinder in eine geschmackvolle, wertschätzende Zukunft zu führen, wo nichts nur vorgesetzt,
sondern gemeinsam zubereitet wird!

So erfahren unsere Kinder, dass Schnitzel nicht auf Bäumen wachsen und die Kuh nicht lila ist.

In verschiedenen Kapiteln wird simpel, logisch und
geschmackvoll beschrieben, wie wir gemeinsam kochen, vor allem was die Kids selbstständig übernehmen können – wenn die Lampe leuchtet, gibt es obendrein gute Tipps!
</marc:subfield>
   </marc:datafield>
   <marc:datafield ind1=" " ind2=" " tag="020">
      <marc:subfield code="a">9783991105275</marc:subfield>
      <marc:subfield code="9">9783991105275</marc:subfield>
   </marc:datafield>
   <marc:datafield ind1=" " ind2=" " tag="020">
      <marc:subfield code="a">3991105276</marc:subfield>
      <marc:subfield code="9">3991105276</marc:subfield>
   </marc:datafield>
   <marc:datafield ind1=" " ind2=" " tag="041">
      <marc:subfield code="a">ger</marc:subfield>
   </marc:datafield>
   <marc:datafield ind1=" " ind2=" " tag="300">
      <marc:subfield code="a">144 Seiten</marc:subfield>
   </marc:datafield>
</marc:record>
